Cultura española por Imágenes: O - Estadísticas

Estadísticas generales
  • Esta prueba ha sido intentada 230 veces
  • La puntuación promedio es 5 de 10
Estadísticas de respuestas
Imagen Respuesta % Correcto
Ourense
94%
Orozco (Antonio)
87%
Olivo
78%
Oriol Junqueras
61%
Óscar Puente
52%
Óliver Torres
46%
Ona Carbonell
37%
Ontiveros (Javier)
32%
Óscar Valentín
25%
Ortega Y Gasset (José)
11%
No se encontraron pruebas coincidentes
Distribución de puntuación
Porcentaje de gente con cada puntuación
Porcentaje por número respondido
Historial de tus puntuaciones
No has intentado esta prueba.